[Event "Titled Tuesday 22nd June"]
[Site "chess.com INT"]
[Date "2021.06.22"]
[Round "8"]
[White "Smietanska, Wiktoria"]
[Black "Christensen, Thom2"]
[Result "0-1"]
[WhiteElo "1802"]
[BlackElo "2154"]
[PlyCount "46"]
[EventDate "2021.06.22"]
[SourceTitle "The Week in Chess 1390"]
[Source "Mark Crowther"]
[SourceDate "2021.06.28"]
[SourceVersion "2"]
[SourceVersionDate "2021.06.28"]
[SourceQuality "2"]

1. e4 e5 2. Nf3 d5 3. Nxe5 Bd6 4. d4 dxe4 5. Nc4 Ne7 6. g3 O-O 7. Nxd6 cxd6 8.
d5 Nd7 9. Bg2 f5 10. c4 Ng6 11. b3 Nde5 12. Be3 f4 13. gxf4 Nxf4 14. Bxe4 Qh4
15. Qc2 Bg4 16. Nd2 Rae8 17. Nf1 Nf3+ 18. Bxf3 Bxf3 19. Rg1 Ng2+ 20. Kd2 Nxe3
21. fxe3 Qf2+ 22. Kc3 Qxg1 23. Rc1 Qg6 0-1

[Event "Titled Tuesday 22nd June"]
[Site "chess.com INT"]
[Date "2021.06.22"]
[Round "2"]
[White "Sawlin, L."]
[Black "Mikhailovsky, Vladimir"]
[Result "1/2-1/2"]
[WhiteElo "2385"]
[BlackElo "2197"]
[PlyCount "154"]
[EventDate "2021.06.22"]
[SourceTitle "The Week in Chess 1390"]
[Source "Mark Crowther"]
[SourceDate "2021.06.28"]
[SourceVersion "2"]
[SourceVersionDate "2021.06.28"]
[SourceQuality "2"]

1. e4 e5 2. Nf3 d5 3. exd5 e4 4. Nd4 Qxd5 5. Nb3 Nf6 6. Nc3 Qe5 7. Be2 Bd6 8.
g3 Nc6 9. Nb5 O-O 10. Nxd6 Qxd6 11. d3 exd3 12. Qxd3 Qe5 13. O-O Bf5 14. Qe3
Bxc2 15. Qxe5 Nxe5 16. Bf4 Nd3 17. Bxd3 Bxd3 18. Rfc1 b6 19. Bxc7 Rfe8 20. Rd1
Be2 21. Rd2 Bf3 22. Nd4 Bb7 23. f3 Nd5 24. Bd6 Rad8 25. Ba3 Ne3 26. b3 h6 27.
Rc1 Nf5 28. Bb2 Nxd4 29. Rxd4 Rxd4 30. Bxd4 Bxf3 31. Kf2 Bh5 32. Be3 Re7 33. a4
Kh7 34. b4 Rd7 35. a5 bxa5 36. bxa5 Bg6 37. Rc6 Bd3 38. Bc5 a6 39. Rd6 Rc7 40.
Bb6 Rc2+ 41. Kf3 Bb5 42. h4 Rc3+ 43. Kf2 Rc2+ 44. Kf3 Bc6+ 45. Kf4 Rc4+ 46. Ke3
Bb5 47. Rd4 Rc3+ 48. Kf2 f6 49. g4 Kg6 50. Rd6 h5 51. g5 Kf5 52. gxf6 gxf6 53.
Rxf6+ Kg4 54. Rg6+ Kxh4 55. Bd8+ Kh3 56. Rg1 Rc2+ 57. Kf3 Bc6+ 58. Kf4 Rc4+ 59.
Kg5 Rg4+ 60. Rxg4 hxg4 61. Kf4 g3 62. Bb6 Kh2 63. Ke3 g2 64. Kd3 g1=Q 65. Bxg1+
Kxg1 66. Kd4 Kf2 67. Kc5 Bb5 68. Kb4 Ke2 69. Kb3 Kd2 70. Kb2 Kd3 71. Ka1 Kc4
72. Kb1 Kb4 73. Ka1 Kxa5 74. Kb1 Kb4 75. Ka1 a5 76. Kb1 Bd3+ 77. Ka1 Ka3
1/2-1/2

[Event "Rated Blitz game"]
[Site "?"]
[Date "2021.06.22"]
[Round "?"]
[White "Buzilo"]
[Black "olarovfan"]
[Result "0-1"]
[WhiteElo "2417"]
[BlackElo "2577"]
[PlyCount "48"]
[EventDate "2021.??.??"]
[EventType "blitz"]

1. e4 e5 2. Nf3 d5 3. exd5 e4 4. Qe2 Nf6 5. d3 Bb4+ 6. Bd2 Qe7 7. dxe4 Nxe4 8.
Bxb4 Qxb4+ 9. Nc3 O-O 10. Qxe4 Qxb2 11. Kd2 Qxa1 12. Bd3 f5 13. Rxa1 fxe4 14.
Bxe4 Nd7 15. Nb5 Nf6 16. Bd3 Nxd5 17. Bc4 c6 18. Nc7 Rb8 19. Nxd5 cxd5 20.
Bxd5+ Kh8 21. Ne5 Rxf2+ 22. Ke3 Rf5 23. Nf7+ Kg8 24. Bb3 Kf8 {Time forfeit} 0-1

[Event "Rated Blitz game"]
[Site "?"]
[Date "2021.06.22"]
[Round "?"]
[White "Prosvirnov_Sergei"]
[Black "JHuNzYHUTANGz"]
[Result "0-1"]
[WhiteElo "2351"]
[BlackElo "2416"]
[PlyCount "30"]
[EventDate "2021.??.??"]
[EventType "blitz"]

1. e4 e5 2. Nf3 d5 3. Nxe5 dxe4 4. d4 Bd6 5. Bf4 Bf5 6. Nc3 f6 7. g4 Be6 8.
Nxe4 fxe5 9. dxe5 Be7 10. Qf3 Nc6 11. Rd1 Nd4 12. Qc3 Bb4 13. Qxb4 Nxc2+ 14.
Ke2 Nxb4 15. Rxd8+ Rxd8 {Normal} 0-1

[Event "Rated Blitz game"]
[Site "?"]
[Date "2021.06.22"]
[Round "?"]
[White "satoshi1126"]
[Black "annaly1979"]
[Result "0-1"]
[WhiteElo "2510"]
[BlackElo "2427"]
[PlyCount "66"]
[EventDate "2021.??.??"]
[EventType "blitz"]

1. e4 e5 2. Nf3 d5 3. Nxe5 Qe7 4. d4 f6 5. Qh5+ g6 6. Nxg6 Qxe4+ 7. Be2 Qxg6 8.
Qxd5 Ne7 9. Qb3 Nbc6 10. Be3 Bf5 11. Na3 O-O-O 12. O-O-O Nd5 13. Nb5 a6 14. Nc3
Nxe3 15. fxe3 Bh6 16. Na4 Nxd4 17. Rxd4 Rxd4 18. Bf3 Be4 19. Kb1 Rxa4 20. Qxa4
Bxf3 21. gxf3 Bxe3 22. Re1 Rd8 23. a3 Bb6 24. Qc4 Kb8 25. Re4 f5 26. Re6 Qg1+
27. Ka2 Qd4 28. Qe2 Qd5+ 29. b3 Ka7 30. Re5 Qd2 31. Qc4 Rd4 32. Qe2 Qxe2 33.
Rxe2 Rf4 {Normal} 0-1

[Event "Rated Blitz game"]
[Site "?"]
[Date "2021.06.22"]
[Round "?"]
[White "Baluk"]
[Black "Dzon_Vejn"]
[Result "1-0"]
[WhiteElo "2365"]
[BlackElo "2455"]
[PlyCount "51"]
[EventDate "2021.??.??"]
[EventType "blitz"]

1. e4 e5 2. Nf3 d5 3. d4 dxe4 4. Nxe5 Bd6 5. Nc4 Be7 6. Ne3 Nf6 7. c3 O-O 8.
Be2 b6 9. O-O c6 10. b3 Re8 11. Bb2 Nbd7 12. Nd2 Nf8 13. Ndc4 Ng6 14. a4 Nf4
15. Ne5 Nxe2+ 16. Qxe2 Bb7 17. Qc4 Nd5 18. Nxc6 Nxe3 19. Nxe7+ Qxe7 20. fxe3
Rac8 21. Qe2 g6 22. c4 a5 23. d5 Rcd8 24. Qd2 f5 25. Qd4 Qg5 26. Qg7# {Normal}
1-0

[Event "Rated Blitz game"]
[Site "?"]
[Date "2021.06.22"]
[Round "?"]
[White "Josefinoo1"]
[Black "annaly1979"]
[Result "0-1"]
[WhiteElo "2436"]
[BlackElo "2441"]
[PlyCount "54"]
[EventDate "2021.??.??"]
[EventType "blitz"]

1. e4 e5 2. Nf3 d5 3. Bc4 dxc4 4. Nxe5 Qd4 5. Ng4 Qxe4+ 6. Ne3 Nf6 7. Nc3 Qh4
8. O-O Bd6 9. h3 Nc6 10. Qe2 Be6 11. Nf5 Qf4 12. Nxd6+ Qxd6 13. d3 cxd3 14.
cxd3 O-O-O 15. Rd1 Nd4 16. Qf1 Kb8 17. Be3 Rhe8 18. Ne4 Qa6 19. Nxf6 gxf6 20.
Bxd4 Rxd4 21. b3 Red8 22. Rac1 Rxd3 23. Rxd3 Qxd3 24. Qe1 a6 25. Qb4 Qd2 26.
Qc5 c6 27. Rf1 Qd6 {Normal} 0-1

[Event "Rated Blitz game"]
[Site "?"]
[Date "2021.06.22"]
[Round "?"]
[White "pachanga1991"]
[Black "pasha1984"]
[Result "0-1"]
[WhiteElo "2403"]
[BlackElo "2418"]
[PlyCount "58"]
[EventDate "2021.??.??"]
[EventType "blitz"]

1. e4 e5 2. Nf3 d5 3. Nxe5 dxe4 4. d4 Bd6 5. Nc4 Nc6 6. Nxd6+ Qxd6 7. c3 Nf6 8.
Bc4 Be6 9. Bxe6 Qxe6 10. h3 O-O-O 11. Be3 Nd5 12. Qd2 f5 13. g3 h6 14. Na3 g5
15. O-O-O Nxe3 16. fxe3 Qxa2 17. Rhf1 Na5 18. Qe2 Rhf8 19. Qb5 Rd5 20. Qb4 Rfd8
21. c4 Nc6 22. Qa4 Ra5 23. Qc2 Nb4 24. Qc3 c5 25. dxc5 Qa1+ 26. Nb1 Na2+ 27.
Kc2 Nxc3 28. Rxd8+ Kxd8 29. bxc3 Ra2+ {Normal} 0-1

[Event "Rated Blitz game"]
[Site "?"]
[Date "2021.06.22"]
[Round "?"]
[White "peppie23"]
[Black "Fantastic_power06"]
[Result "0-1"]
[WhiteElo "2572"]
[BlackElo "2688"]
[PlyCount "150"]
[EventDate "2021.??.??"]
[EventType "blitz"]

1. e4 e5 2. Nf3 d5 3. exd5 e4 4. Qe2 Nf6 5. d3 Qxd5 6. Nc3 Bb4 7. Nd2 Bxc3 8.
bxc3 O-O 9. dxe4 Qa5 10. Bb2 Bd7 11. f3 Re8 12. Nb3 Qh5 13. O-O-O Nc6 14. Nd4
Rad8 15. Qb5 Qh6+ 16. Kb1 Nxd4 17. Qxb7 Ne6 18. Bc4 Rb8 19. Qxa7 Ra8 20. Qf2
Qg5 21. g3 Qa5 22. Rhe1 Bb5 23. Bb3 Ba4 24. c4 Bxb3 25. axb3 Qa2+ 26. Kc1 Qa7
27. Qd2 Red8 28. Qc3 h6 29. e5 Nh7 30. f4 Qf2 31. h4 Nd4 32. Kb1 Ne2 33. Qb4
Rxd1+ 34. Rxd1 Qa7 35. c3 Nxg3 36. c5 Nf8 37. Qc4 Nf5 38. Rd3 Ne6 39. b4 Qa4
40. Qd5 Nxf4 41. Qe4 Nxd3 42. Qxd3 Ne7 43. e6 fxe6 44. Qe2 Qc6 45. Kc2 Nf5 46.
Qe5 Rf8 47. c4 Rf7 48. h5 Qg2+ 49. Kb3 Qf3+ 50. Bc3 Qe3 51. Qh2 Rd7 52. b5 Rd3
53. Qc2 Rxc3+ 54. Qxc3 Nd4+ 55. Kb4 Qxc3+ 56. Kxc3 e5 57. b6 cxb6 58. cxb6 Nc6
59. c5 Kf7 60. Kc4 Ke6 61. Kb5 Kd5 62. b7 e4 63. Kb6 e3 64. Kc7 e2 65. Kd7 Nb8+
66. Kc7 Na6+ 67. Kb6 Nxc5 68. b8=Q Nd7+ 69. Kc7 Nxb8 70. Kd8 e1=Q 71. Kc7 Qd1
72. Kd8 Qxh5 73. Ke7 Qg5+ 74. Kf8 h5 75. Kg8 Qf5 {Time forfeit} 0-1

[Event "Rated Blitz game"]
[Site "?"]
[Date "2021.06.22"]
[Round "?"]
[White "BlackBoarder"]
[Black "viewer94"]
[Result "1-0"]
[WhiteElo "2583"]
[BlackElo "2440"]
[PlyCount "33"]
[EventDate "2021.??.??"]
[EventType "blitz"]

1. e4 e5 2. Nf3 d5 3. exd5 Bd6 4. Nc3 Nf6 5. Bb5+ c6 6. dxc6 Nxc6 7. d4 exd4 8.
Nxd4 O-O 9. Bxc6 bxc6 10. O-O c5 11. Ndb5 Bxh2+ 12. Kxh2 Ng4+ 13. Kg1 Qh4 14.
Qd6 Bf5 15. Qg3 Qh5 16. f3 Nf6 17. Qg5 {Normal} 1-0

[Event "Rated Blitz game"]
[Site "?"]
[Date "2021.06.22"]
[Round "?"]
[White "Kaspatroll"]
[Black "Aldebaraan"]
[Result "1-0"]
[WhiteElo "2421"]
[BlackElo "2321"]
[PlyCount "30"]
[EventDate "2021.??.??"]
[EventType "blitz"]

1. e4 e5 2. Nf3 d5 3. exd5 e4 4. Qe2 f5 5. d3 Nf6 6. Nc3 Bd6 7. dxe4 fxe4 8.
Nxe4 O-O 9. Nxd6 cxd6 10. Be3 Qa5+ 11. Qd2 Qxd5 12. Qxd5+ Nxd5 13. Bc4 Be6 14.
Ng5 Rc8 15. Bb3 Nxe3 {Normal} 1-0

[Event "Rated Blitz game"]
[Site "?"]
[Date "2021.06.22"]
[Round "?"]
[White "ayselmammadova"]
[Black "Junior072001"]
[Result "0-1"]
[WhiteElo "2450"]
[BlackElo "2304"]
[PlyCount "58"]
[EventDate "2021.??.??"]
[EventType "blitz"]

1. e4 e5 2. Nf3 d5 3. exd5 e4 4. Ng1 Qxd5 5. Nc3 Qe6 6. Be2 Nf6 7. d3 exd3 8.
Qxd3 Nc6 9. Bf4 Nb4 10. Qd2 c6 11. Nf3 h6 12. O-O Be7 13. Rfe1 O-O 14. Bd3 Qd7
15. a3 Nxd3 16. cxd3 Rd8 17. Rad1 Bf8 18. Ne5 Qf5 19. Bg3 Be6 20. Qe3 Nd5 21.
Nxd5 Bxd5 22. d4 Re8 23. Qc3 Re7 24. h3 Rae8 25. Ng4 h5 26. Ne3 Qe6 27. Nxd5
Qxd5 28. Rxe7 Rxe7 29. Qc5 Re1+ {Normal} 0-1

[Event "Rated Blitz game"]
[Site "?"]
[Date "2021.06.22"]
[Round "?"]
[White "Mulika13"]
[Black "khalid_ontawar"]
[Result "0-1"]
[WhiteElo "2527"]
[BlackElo "2466"]
[PlyCount "26"]
[EventDate "2021.??.??"]
[EventType "blitz"]

1. e4 e5 2. Nf3 d5 3. Nxe5 Qe7 4. d4 f6 5. Nf3 dxe4 6. Nfd2 Bf5 7. c4 Nc6 8. d5
Ne5 9. Nc3 Nd3+ 10. Bxd3 exd3+ 11. Kf1 O-O-O 12. Qf3 Bg6 13. Nde4 Re8 {Normal}
0-1

[Event "Rated Blitz game"]
[Site "?"]
[Date "2021.06.22"]
[Round "?"]
[White "Bcsillo"]
[Black "Dzon_Vejn"]
[Result "1-0"]
[WhiteElo "2366"]
[BlackElo "2454"]
[PlyCount "89"]
[EventDate "2021.??.??"]
[EventType "blitz"]

1. e4 e5 2. Nf3 d5 3. exd5 e4 4. Ne5 Bd6 5. d4 exd3 6. Nxd3 Nf6 7. Nc3 O-O 8.
Be2 Nbd7 9. O-O Nc5 10. Nxc5 Bxc5 11. Bf3 Re8 12. Bg5 Bf5 13. Re1 h6 14. Bxf6
Qxf6 15. Ne4 Bxe4 16. Rxe4 Rxe4 17. Bxe4 Qxb2 18. Rb1 Qf6 19. Rxb7 Qxf2+ 20.
Kh1 Bd6 21. Qg1 Qh4 22. Bd3 Re8 23. Rb1 g6 24. g3 Qg5 25. Qg2 Re3 26. Rf1 h5
27. Qf2 Re7 28. Qf3 h4 29. gxh4 Qxh4 30. Qf2 Qg5 31. Qg2 Qe5 32. h3 Kg7 33. Rg1
Qf6 34. Qg4 Qf2 35. Qg2 Qf6 36. Qg5 Qxg5 37. Rxg5 Re1+ 38. Rg1 Ra1 39. Rxa1 Be5
40. Rb1 Bd6 41. Rb7 Kf6 42. Rxa7 Ke5 43. Ra6 f5 44. Rxd6 g5 45. Rd7 {Normal}
1-0

[Event "Rated Blitz game"]
[Site "?"]
[Date "2021.06.22"]
[Round "?"]
[White "Apollon94"]
[Black "ReinaldoR"]
[Result "0-1"]
[WhiteElo "2390"]
[BlackElo "2451"]
[PlyCount "54"]
[EventDate "2021.??.??"]
[EventType "blitz"]

1. e4 e5 2. Nf3 d5 3. Nxe5 Bd6 4. d4 dxe4 5. Nc4 Nf6 6. Nc3 O-O 7. Bg5 h6 8.
Bh4 Bf5 9. Be2 a6 10. Ne3 Bh7 11. Qd2 Nc6 12. O-O-O Bb4 13. g4 Qd6 14. Nf5 Bxf5
15. gxf5 Rad8 16. Rhg1 Kh7 17. Qe3 Nxd4 18. Nxe4 Nxe4 19. Qxe4 Rfe8 20. f6+
Rxe4 21. Rxg7+ Kh8 22. Bd3 Ne2+ 23. Kb1 Rxh4 24. a3 Qxf6 25. Rh7+ Kg8 26. axb4
Rxd3 27. Rxd3 Kxh7 {Normal} 0-1

[Event "Rated Blitz game"]
[Site "?"]
[Date "2021.06.22"]
[Round "?"]
[White "Josefinoo1"]
[Black "olarovfan"]
[Result "1-0"]
[WhiteElo "2426"]
[BlackElo "2594"]
[PlyCount "59"]
[EventDate "2021.??.??"]
[EventType "blitz"]

1. e4 e5 2. Nf3 d5 3. Nxe5 Bd6 4. d4 dxe4 5. Qh5 Qe7 6. Nc4 Nf6 7. Qd1 Nc6 8.
Bg5 Bg4 9. Bxf6 Qxf6 10. Qxg4 Nxd4 11. Ne3 Nxc2+ 12. Nxc2 Qxb2 13. Qxe4+ Kf8
14. Qd3 Rd8 15. Nd2 Be7 16. Qb3 Qe5+ 17. Qe3 Qb2 18. Qb3 Qe5+ 19. Be2 Qa5 20.
Rd1 g6 21. Bd3 Bg5 22. Ne3 Bxe3 23. fxe3 Qg5 24. Be4 Re8 25. O-O f5 26. Qb4+
Kg7 27. Qd4+ Kh6 28. Nf3 Qe7 29. Bxb7 c5 30. Qh4+ {Time forfeit} 1-0

[Event "Rated Blitz game"]
[Site "?"]
[Date "2021.06.22"]
[Round "?"]
[White "q-zma"]
[Black "pasha1984"]
[Result "0-1"]
[WhiteElo "2396"]
[BlackElo "2433"]
[PlyCount "90"]
[EventDate "2021.??.??"]
[EventType "blitz"]

1. e4 e5 2. Nf3 d5 3. d4 dxe4 4. Nxe5 Bd6 5. Nc4 Nc6 6. Nxd6+ Qxd6 7. Bb5 Nge7
8. O-O Qg6 9. Kh1 O-O 10. Bf4 Nd5 11. Bg3 f5 12. Bxc6 bxc6 13. Be5 f4 14. c4
Nb4 15. Nc3 f3 16. gxf3 exf3 17. Rg1 Bg4 18. a3 Nd3 19. Qf1 Nxe5 20. dxe5 Qf5
21. Qe1 Bh3 22. Rg3 Bg2+ 23. Kg1 Rae8 24. Qe4 Rxe5 25. Qxf5 Rfxf5 26. Rd1 Rg5
27. Nb1 h5 28. Nd2 h4 29. Rxg5 Rxg5 30. Ne4 Rg6 31. h3 Bxh3+ 32. Kh2 Bf5 33.
Re1 Rg2+ 34. Kh1 Bxe4 35. Rxe4 Rxf2 36. Rxh4 Rxb2 37. Rf4 Rb3 38. a4 c5 39. Kg1
Kh7 40. Kf2 Kh6 41. Rh4+ Kg5 42. Rh1 Kf5 43. Rh4 g5 44. Rh3 g4 45. Rh5+ Kf4 {
Time forfeit} 0-1

[Event "Rated Blitz game"]
[Site "?"]
[Date "2021.06.22"]
[Round "?"]
[White "Rolla-tsport"]
[Black "annaly1979"]
[Result "0-1"]
[WhiteElo "2581"]
[BlackElo "2434"]
[PlyCount "134"]
[EventDate "2021.??.??"]
[EventType "blitz"]

1. e4 e5 2. Nf3 d5 3. d4 dxe4 4. Nxe5 Bd6 5. Nc4 Nf6 6. Nc3 h6 7. Be3 O-O 8.
Be2 Nc6 9. Qd2 a6 10. h3 b5 11. Nxd6 cxd6 12. a3 Bf5 13. g4 Bg6 14. h4 h5 15.
g5 Nd7 16. Nd5 Nb6 17. Nf4 Nc4 18. Bxc4 bxc4 19. d5 Ne5 20. O-O-O Rb8 21. Qc3
Rc8 22. Kb1 Qd7 23. Bd4 Rfe8 24. Rde1 Qf5 25. Nxg6 fxg6 26. Rh3 Nf3 27. Reh1
Rc7 28. Bb6 Rb7 29. Bd4 Reb8 30. Rxf3 exf3 31. Qe3 Qxd5 32. Bc3 Kh7 33. Re1 Qf5
34. Qd4 Rf7 35. Qxd6 Rb3 36. Qd4 Rfb7 37. Re8 Rxc3 38. Qxc3 Qd7 39. Re1 Qg4 40.
Re8 Qd7 41. Qe1 c3 42. b3 Qd2 43. Qxd2 cxd2 44. Rd8 Re7 45. Rxd2 Re1+ 46. Kb2
Re2 47. Kc3 Re4 48. Rd4 Re2 49. Rf4 Rxf2 50. Kd3 a5 51. a4 Kg8 52. c3 Rf1 53.
Kc4 f2 54. Kb5 Rb1 55. Rxf2 Rxb3+ 56. Kxa5 Rxc3 57. Rf4 Rb3 58. Ka6 Rb8 59. a5
Rb3 60. Ka7 Rb5 61. a6 Rb3 62. Ka8 Rb6 63. a7 Rb3 64. Rd4 Kh7 65. Rd7 Rb4 66.
Rb7 Ra4 67. Kb8 Rxh4 {Time forfeit} 0-1

[Event "Rated Blitz game"]
[Site "?"]
[Date "2021.06.22"]
[Round "?"]
[White "lancemarx1"]
[Black "elcabusin"]
[Result "1-0"]
[WhiteElo "2421"]
[BlackElo "2391"]
[PlyCount "101"]
[EventDate "2021.??.??"]
[EventType "blitz"]

1. e4 e5 2. Nf3 d5 3. exd5 e4 4. Qe2 Nf6 5. d3 Qxd5 6. Nbd2 Be7 7. dxe4 Qd7 8.
e5 Nd5 9. c4 Nb6 10. Ne4 O-O 11. Bd2 Nc6 12. Bc3 Na4 13. Rd1 Nxc3 14. bxc3 Qf5
15. Ng3 Qg4 16. Qe4 Qxe4+ 17. Nxe4 Bg4 18. Be2 Bxf3 19. Bxf3 Nxe5 20. O-O Nxf3+
21. gxf3 Rad8 22. f4 h6 23. Kg2 f5 24. Nd2 Bf6 25. Nf3 Bxc3 26. Ne5 Bxe5 27.
fxe5 Kf7 28. f4 Ke6 29. Kf3 g5 30. h4 g4+ 31. Ke3 h5 32. Rb1 b6 33. c5 Rd5 34.
cxb6 axb6 35. Rfc1 Rc8 36. Rc6+ Kd7 37. Rh6 Ra5 38. Rxh5 Ra3+ 39. Kd4 c5+ 40.
Kd5 Rd3+ 41. Kc4 Rd4+ 42. Kc3 Rxf4 43. Rh6 Rf3+ 44. Kc4 Rf4+ 45. Kc3 Rc6 46.
Rd1+ Kc7 47. Rh7+ Kb8 48. Rdd7 b5 49. e6 b4+ 50. Kc2 Rxe6 51. Rd8# {Normal} 1-0

[Event "Rated Blitz game"]
[Site "?"]
[Date "2021.06.22"]
[Round "?"]
[White "RJDeighton"]
[Black "batasjon"]
[Result "1/2-1/2"]
[WhiteElo "2403"]
[BlackElo "2427"]
[PlyCount "34"]
[EventDate "2021.??.??"]
[EventType "blitz"]

1. e4 e5 2. Nf3 d5 3. Nxe5 Bd6 4. d4 dxe4 5. Bc4 Bxe5 6. Qh5 Qxd4 7. Qxf7+ Kd8
8. Bg5+ Nf6 9. Qxg7 Re8 10. Nc3 Nbd7 11. Rd1 Qxc4 12. Bxf6+ Bxf6 13. Qxf6+ Re7
14. Qf8+ Re8 15. Qf6+ Re7 16. Qf8+ Re8 17. Qf6+ Re7 {Normal} 1/2-1/2

[Event "Rated Blitz game"]
[Site "?"]
[Date "2021.06.22"]
[Round "?"]
[White "viburnum"]
[Black "khalid_ontawar"]
[Result "0-1"]
[WhiteElo "2432"]
[BlackElo "2471"]
[PlyCount "100"]
[EventDate "2021.??.??"]
[EventType "blitz"]

1. e4 e5 2. Nf3 d5 3. exd5 e4 4. Ne5 Qxd5 5. d4 exd3 6. Nxd3 Qe6+ 7. Qe2 Bd6 8.
Nc3 Nf6 9. Bg5 O-O 10. Qxe6 fxe6 11. f3 Nd5 12. Bd2 Nc6 13. O-O-O Bd7 14. Kb1
Rae8 15. a3 a6 16. Nc1 Rf7 17. Nb3 Ref8 18. Bc4 b5 19. Bxd5 exd5 20. Nxd5 Be6
21. Nc3 Bxb3 22. cxb3 Nd4 23. Ka2 b4 24. Nd5 bxa3 25. bxa3 Rb8 26. Bb4 Nb5 27.
Bxd6 cxd6 28. Rhe1 Rc8 29. Rc1 Rcf8 30. Rc6 Kh8 31. Rxa6 Rf5 32. Rd1 Rxd5 33.
Rxd5 Nc3+ 34. Kb2 Nxd5 35. Rxd6 Ne3 36. g3 h6 37. f4 Nf1 38. a4 Nxh2 39. a5 Nf1
40. a6 Nxg3 41. a7 Ra8 42. Rd7 h5 43. Rb7 Kh7 44. b4 h4 45. b5 h3 46. b6 h2 47.
Rb8 h1=Q 48. Rxa8 Qxa8 49. Kb3 Qb7 50. Kb4 Qxb6+ {Normal} 0-1

[Event "Rated Blitz game"]
[Site "?"]
[Date "2021.06.22"]
[Round "?"]
[White "AlexDROable"]
[Black "annaly1979"]
[Result "0-1"]
[WhiteElo "2453"]
[BlackElo "2449"]
[PlyCount "48"]
[EventDate "2021.??.??"]
[EventType "blitz"]

1. e4 e5 2. Nf3 d5 3. Nxe5 Qe7 4. d4 f6 5. Qh5+ g6 6. Nxg6 Qxe4+ 7. Be2 Qxg6 8.
Qxd5 Ne7 9. Qb3 Nbc6 10. Be3 Bf5 11. Qxb7 Rb8 12. Qxc7 Rxb2 13. Nd2 Rxc2 14.
Nc4 Rxc4 15. Bxc4 Bd3 16. Be6 Bh6 17. d5 Bxe3 18. dxc6 Bb6 19. Qd7+ Kf8 20. c7
Qe4+ 21. Kd2 Ba5+ 22. Kc1 Qf4+ 23. Kb2 Qd2+ 24. Ka3 Qb4# {Normal} 0-1

[Event "Rated Blitz game"]
[Site "?"]
[Date "2021.06.22"]
[Round "?"]
[White "mertgureke"]
[Black "KamranShirazi"]
[Result "0-1"]
[WhiteElo "2382"]
[BlackElo "2575"]
[PlyCount "98"]
[EventDate "2021.??.??"]
[EventType "blitz"]

1. e4 e5 2. Nf3 d5 3. Nxe5 dxe4 4. d4 exd3 5. Nxd3 Bd6 6. Be2 Nf6 7. O-O O-O 8.
Nd2 Bf5 9. Nf3 h6 10. Re1 Nc6 11. Bf1 Re8 12. Be3 Ng4 13. Bd2 Rxe1 14. Qxe1 Qf6
15. h3 Nge5 16. Nfxe5 Nxe5 17. Bc3 Nxd3 18. Bxd3 Qg6 19. Bxf5 Qxf5 20. Qe2 Kh7
21. Re1 g6 22. Qe4 Qxe4 23. Rxe4 Rd8 24. Bf6 Rc8 25. c4 a6 26. b3 b5 27. Kf1 g5
28. Ke2 Kg6 29. Bb2 Kf5 30. Kd3 bxc4+ 31. Rxc4 Rd8 32. g4+ Ke6 33. Re4+ Kd5 34.
Bf6 Ra8 35. f3 a5 36. Bg7 Rg8 37. Bc3 Ra8 38. Ra4 Rd8 39. Rxa5+ Ke6 40. Kc4 Bf4
41. Rf5 Rd1 42. Rf6+ Ke7 43. Rxh6 Rc1 44. Kd3 Rd1+ 45. Kc2 Rc1+ 46. Kb2 Rf1 47.
Bb4+ Kd7 48. a4 Rf2+ 49. Ka3 Bc1# {Normal} 0-1

[Event "Rated Blitz game"]
[Site "?"]
[Date "2021.06.22"]
[Round "?"]
[White "mertgureke"]
[Black "KamranShirazi"]
[Result "0-1"]
[WhiteElo "2388"]
[BlackElo "2568"]
[PlyCount "72"]
[EventDate "2021.??.??"]
[EventType "blitz"]

1. e4 e5 2. Nf3 d5 3. exd5 e4 4. Ng1 Qxd5 5. Nc3 Qe5 6. Qe2 Nf6 7. d3 Bb4 8.
Bd2 O-O 9. dxe4 Re8 10. f3 Nc6 11. O-O-O Nd4 12. Qc4 c5 13. Nge2 Be6 14. Qd3
Red8 15. Nxd4 Rxd4 16. Qe3 Rad8 17. Be2 Bxa2 18. f4 Qe8 19. e5 Bxc3 20. Bxc3
Nd5 21. Qg3 Nxc3 22. Qxc3 Be6 23. Bf3 Qa4 24. b3 Qa3+ 25. Qb2 Rxd1+ 26. Rxd1
Rxd1+ 27. Bxd1 Qa5 28. c3 g6 29. Bf3 b5 30. b4 cxb4 31. cxb4 Qb6 32. Qd2 Kg7
33. h4 h5 34. Kb2 a6 35. Qe2 Qd4+ 36. Ka3 Qc3# {Normal} 0-1

[Event "Rated Blitz game"]
[Site "?"]
[Date "2021.06.22"]
[Round "?"]
[White "kintoho"]
[Black "KamranShirazi"]
[Result "0-1"]
[WhiteElo "2535"]
[BlackElo "2541"]
[PlyCount "78"]
[EventDate "2021.??.??"]
[EventType "blitz"]

1. e4 e5 2. Nf3 d5 3. Nxe5 Bd6 4. d4 dxe4 5. Nd2 Bxe5 6. dxe5 Bf5 7. Qe2 Nc6 8.
Nxe4 Nd4 9. Qd3 Qd5 10. f3 O-O-O 11. Be3 Bxe4 12. fxe4 Qxe5 13. O-O-O Nc6 14.
Qc4 Rxd1+ 15. Kxd1 Qxb2 16. Qxf7 Nh6 17. Bc1 Qxc1+ 18. Kxc1 Nxf7 19. Bc4 Nfe5
20. Bd5 Kd8 21. Rf1 g6 22. Bxc6 bxc6 23. Rd1+ Ke7 24. Rd4 a5 25. Kd2 Rd8 26. c3
c5 27. Rxd8 Kxd8 28. Kc2 a4 29. Kd2 Ke7 30. Ke3 Kf6 31. Kf4 h5 32. h4 c6 33. g3
c4 34. Ke3 c5 35. Kf4 Nd3+ 36. Ke3 Ke5 37. Kf3 Nc1 38. g4 Nxa2 39. gxh5 gxh5 {
Normal} 0-1

[Event "Rated Blitz game"]
[Site "?"]
[Date "2021.06.22"]
[Round "?"]
[White "Prosvirnov_Sergei"]
[Black "JHuNzYHUTANGz"]
[Result "1-0"]
[WhiteElo "2372"]
[BlackElo "2478"]
[PlyCount "61"]
[EventDate "2021.??.??"]
[EventType "blitz"]

1. e4 e5 2. Nf3 d5 3. Nxe5 dxe4 4. d4 Bd6 5. Bf4 Bf5 6. Bg3 Nf6 7. Nc3 Nc6 8.
Bb5 Bxe5 9. dxe5 Nd7 10. O-O O-O 11. Bxc6 bxc6 12. Re1 Re8 13. Qd4 Rb8 14. b3
Qe7 15. Nxe4 Nxe5 16. Nc5 f6 17. f4 Qd6 18. Qxd6 cxd6 19. Na6 Rb6 20. Nc7 Rc8
21. fxe5 Rxc7 22. exd6 Rd7 23. c4 c5 24. Re8+ Kf7 25. Rae1 Rbb7 26. Rc8 Rxd6
27. Rxc5 Re6 28. Rxf5 Rxe1+ 29. Bxe1 Re7 30. Bf2 Re2 31. Ra5 {Normal} 1-0

[Event "Rated Blitz game"]
[Site "?"]
[Date "2021.06.22"]
[Round "?"]
[White "IDantesI"]
[Black "Dzon_Vejn"]
[Result "1-0"]
[WhiteElo "2421"]
[BlackElo "2492"]
[PlyCount "139"]
[EventDate "2021.??.??"]
[EventType "blitz"]

1. e4 e5 2. Nf3 d5 3. Nxe5 Bd6 4. d4 dxe4 5. Nc4 Be7 6. d5 Nf6 7. Nc3 Bb4 8.
Ne3 O-O 9. Be2 c6 10. dxc6 Qxd1+ 11. Bxd1 Nxc6 12. Bd2 Be6 13. Be2 Nd4 14. a3
Bc5 15. h3 Rac8 16. Rc1 Rfd8 17. Na4 Be7 18. Nc3 a6 19. Ng4 Nxg4 20. Bxg4 f5
21. Bd1 Bc4 22. Ne2 Ne6 23. Bc3 Bxe2 24. Bxe2 Rd7 25. O-O Bxa3 26. Bxg7 Kxg7
27. bxa3 Rdc7 28. Rfd1 Nf4 29. Bf1 Kf6 30. g3 Ne6 31. c4 Rc5 32. Rd6 R8c6 33.
Rcd1 Ke5 34. Rd7 a5 35. Rxb7 Rd6 36. Rxd6 Kxd6 37. Rb5 Nd4 38. Rb6+ Ke5 39. Rh6
Nf3+ 40. Kg2 Rc7 41. Ra6 Ne1+ 42. Kh1 Rc5 43. Ra7 Nf3 44. Kg2 Ne1+ 45. Kg1 e3
46. fxe3 Nc2 47. Kf2 Ke4 48. Re7+ Re5 49. Rxe5+ Kxe5 50. g4 Nxa3 51. g5 Nc2 52.
Bd3 Nb4 53. Bb1 Nc6 54. Kg3 Ne7 55. Kh4 Ng6+ 56. Kh5 Nf8 57. h4 a4 58. Kh6 a3
59. Ba2 Ne6 60. h5 Nc5 61. g6 hxg6 62. hxg6 Ne4 63. g7 Nf6 64. g8=Q Ng4+ 65.
Kg7 Nf6 66. Qe8+ Kd6 67. Qf7 Kc5 68. Kxf6 Kb4 69. Qe6 Kc3 70. Qe5+ {Time
forfeit} 1-0

[Event "Rated Blitz tournament 3cjC50eS"]
[Site "?"]
[Date "2021.06.22"]
[Round "?"]
[White "Mannysen"]
[Black "cuerosky"]
[Result "1-0"]
[WhiteElo "2407"]
[BlackElo "2312"]
[PlyCount "103"]
[EventDate "2021.??.??"]
[EventType "blitz"]

1. e4 e5 2. Nf3 d5 3. exd5 e4 4. Qe2 Nf6 5. d3 Bb4+ 6. c3 O-O 7. dxe4 Bd6 8.
Nbd2 Re8 9. Qc4 Nbd7 10. Be2 Nb6 11. Qd3 Qe7 12. O-O Nxe4 13. Nxe4 Qxe4 14.
Qxe4 Rxe4 15. Bd3 Re8 16. c4 Nd7 17. Be3 Nc5 18. Bc2 Bg4 19. Rfe1 a6 20. b4 Ne4
21. c5 Bf8 22. Bf4 Nf6 23. Bb3 Rac8 24. Be5 Nd7 25. Bd4 a5 26. a3 h6 27. Ne5
Nxe5 28. Bxe5 b6 29. Bd4 axb4 30. axb4 bxc5 31. bxc5 Rxe1+ 32. Rxe1 Rb8 33. Bd1
Bf5 34. g4 Bd3 35. Be2 Re8 36. Kf1 Bxe2+ 37. Rxe2 Rd8 38. Re5 f6 39. Rf5 Kf7
40. h4 Be7 41. h5 g6 42. hxg6+ Kxg6 43. Ke2 Ra8 44. Be3 Ra5 45. d6 cxd6 46. c6
Bd8 47. Rxa5 Bxa5 48. Bf4 Bc7 49. Kd3 Kf7 50. Kc4 Ke6 51. Bxh6 d5+ 52. Kc5 {
Time forfeit} 1-0